[Event "Guernsey Open"]
[Site "GCI"]
[Date "2005.10.18"]
[Round "3"]
[White "Van Randen, Fred"]
[Black "Thurlow, Kevin J"]
[Result "1-0"]
[WhiteElo "1869"]
[BlackElo "2124"]
[PlyCount "43"]
[EventDate "2005.10.16"]

1. e4 c5 2. Nc3 e6 3. Nf3 Nc6 4. d4 cxd4 5. Nxd4 Qc7 6. g3 Nf6 7. Bg2 a6 8. O-O
b5 9. e5 b4 10. exf6 bxc3 11. Nxc6 dxc6 12. Bf4 Qb6 13. bxc3 Bd7 14. Rb1 Qa7
15. Be5 gxf6 16. Bxf6 Rg8 17. Qh5 h6 18. Qa5 Rc8 19. Rfd1 Bc5 20. Bxc6 Bxf2+
21. Kf1 Bg1 22. Bxd7+ 1-0

[Event "Guernsey Open"]
[Site "GCI"]
[Date "2005.10.18"]
[Round "3"]
[White "Kemp, Paul M"]
[Black "Morton, Peter S"]
[Result "1/2-1/2"]
[WhiteElo "2051"]
[BlackElo "2061"]
[PlyCount "47"]
[EventDate "2005.10.16"]

1. d4 Nf6 2. Nc3 g6 3. e4 d6 4. Be3 Bg7 5. Qd2 Nc6 6. f3 O-O 7. O-O-O e5 8. d5
Ne7 9. Bh6 Ne8 10. g4 Kh8 11. h4 Ng8 12. Bxg7+ Kxg7 13. g5 Kh8 14. h5 Ng7 15.
hxg6 fxg6 16. Bh3 Nh5 17. Nce2 Qe7 18. Bxc8 Raxc8 19. Qe3 Rf7 20. Nh3 c5 21.
Rdg1 Rcf8 22. Rf1 b5 23. Rhg1 b4 24. f4 1/2-1/2

[Event "Guernsey Open"]
[Site "GCI"]
[Date "2005.10.18"]
[Round "3"]
[White "Havenaar, Jan"]
[Black "Nicholson, John"]
[Result "1-0"]
[WhiteElo "2195"]
[BlackElo "2000"]
[PlyCount "63"]
[EventDate "2005.10.16"]

1. Nc3 c5 2. f4 d5 3. e4 d4 4. Nce2 Nc6 5. Ng3 e5 6. f5 Be7 7. Nf3 a6 8. a4 Nf6
9. Bc4 Rb8 10. d3 b5 11. axb5 axb5 12. Bb3 h6 13. O-O O-O 14. Bd2 Bb7 15. Qe1
Ra8 16. Rxa8 Qxa8 17. Nh1 Qa6 18. Qe2 Qb6 19. Nf2 c4 20. dxc4 bxc4 21. Bxc4
Qxb2 22. Bb3 Qa3 23. Nd3 Bd6 24. Bc1 Qa6 25. Re1 Re8 26. Qf2 Na5 27. Ba4 Bc6
28. Bxc6 Nxc6 29. Qh4 Qc4 30. Bxh6 gxh6 31. Qxf6 Bf8 32. Ndxe5 1-0

[Event "Guernsey Open"]
[Site "GCI"]
[Date "2005.10.18"]
[Round "3"]
[White "Gravett, Alan D"]
[Black "Heppell, Ian N"]
[Result "0-1"]
[WhiteElo "1975"]
[BlackElo "2165"]
[PlyCount "66"]
[EventDate "2005.10.16"]

1. g3 e5 2. Bg2 Nc6 3. c4 f5 4. d3 Nf6 5. Nc3 Be7 6. e3 O-O 7. Nd5 d6 8. Ne2
Be6 9. O-O Qd7 10. a3 a5 11. b3 Bd8 12. f4 Qf7 13. Nec3 Qg6 14. Bf3 e4 15. dxe4
fxe4 16. Bh1 Bf5 17. Ra2 Ne7 18. Nxf6+ Rxf6 19. Nd5 Re6 20. Raf2 h5 21. Bb2 c6
22. Nxe7+ Bxe7 23. Qd2 Bf6 24. Bxf6 Qxf6 25. Qc2 Qe7 26. Rd1 Rd8 27. Rd4 d5 28.
Rfd2 Red6 29. c5 Rg6 30. Bxe4 Bxe4 31. Qd1 Bf5 32. Kf2 h4 33. g4 Rxg4 0-1

[Event "Guernsey Open"]
[Site "GCI"]
[Date "2005.10.18"]
[Round "3"]
[White "Hickman, John"]
[Black "Wiecker, Stefan"]
[Result "1/2-1/2"]
[WhiteElo "2115"]
[BlackElo "1985"]
[PlyCount "79"]
[EventDate "2005.10.16"]

1. Nf3 Nf6 2. g3 g6 3. Bg2 Bg7 4. O-O O-O 5. d3 d5 6. Nbd2 c5 7. e4 Nc6 8. Re1
e5 9. exd5 Nxd5 10. a3 f6 11. c3 Nc7 12. Qc2 a5 13. b3 Ne6 14. Bb2 Qd7 15. Nc4
Ra6 16. a4 Rd8 17. Rad1 Qc7 18. Na3 Na7 19. Nc4 b5 20. axb5 Nxb5 21. Ra1 Bb7
22. Ra2 Nd6 23. Nfd2 Nxc4 24. Nxc4 Ng5 25. Re3 Qc8 26. f4 exf4 27. gxf4 Bxg2
28. Qxg2 Ne6 29. Rxa5 Rxa5 30. Nxa5 Nxf4 31. Qg3 Bh6 32. Qf3 Qf5 33. Nc6 Qg5+
34. Kh1 Nxd3 35. Nxd8 Qxe3 36. c4 f5 37. Qa8 Qe7 38. Ne6+ Kf7 39. Nd8+ Kg8 40.
Ne6+ 1/2-1/2

[Event "Guernsey Open"]
[Site "GCI"]
[Date "2005.10.18"]
[Round "3"]
[White "Murray, John Steven"]
[Black "Von Saldern, Rudiger"]
[Result "0-1"]
[WhiteElo "2031"]
[BlackElo "2091"]
[PlyCount "84"]
[EventDate "2005.10.16"]

1. e4 e5 2. Nf3 Nc6 3. Bc4 Bc5 4. c3 Qe7 5. b4 Bb6 6. O-O d6 7. d3 Nf6 8. Nbd2
O-O 9. a4 a5 10. b5 Nb8 11. Bb3 Bg4 12. h3 Bh5 13. Nc4 Nbd7 14. Nxb6 Nxb6 15.
Bg5 h6 16. Bh4 g5 17. Bg3 Nbd7 18. Re1 Nc5 19. Bc2 Rad8 20. Re3 b6 21. Qe1 Ne6
22. Rd1 Nf4 23. Rd2 Rd7 24. d4 Rfd8 25. Kh2 Bxf3 26. Rxf3 g4 27. hxg4 Nxg4+ 28.
Kg1 Qg5 29. Qd1 Nf6 30. Bxf4 exf4 31. Re2 Kh8 32. e5 dxe5 33. Qe1 Rg8 34. Qf1
exd4 35. cxd4 Rxd4 36. Re7 Rc4 37. Bd1 Rc1 38. Rd3 f3 39. g3 Ng4 40. Rxf7 Qh5
41. Rh7+ Kxh7 42. Rd7+ Kh8 0-1

[Event "Guernsey Open"]
[Site "GCI"]
[Date "2005.10.18"]
[Round "3"]
[White "Westerkamp, Bert"]
[Black "Goman, Colin"]
[Result "1-0"]
[WhiteElo "2085"]
[BlackElo "1919"]
[PlyCount "63"]
[EventDate "2005.10.16"]

1. Nf3 Nf6 2. d4 d6 3. Bg5 Bg4 4. Nbd2 g6 5. h3 Bxf3 6. Bxf6 exf6 7. Nxf3 d5 8.
e3 Bd6 9. c4 Bb4+ 10. Nd2 O-O 11. a3 Bxd2+ 12. Qxd2 dxc4 13. Bxc4 f5 14. O-O
Qf6 15. Rac1 Nd7 16. Be2 c6 17. Bf3 Rfd8 18. Rfd1 Nb6 19. Rc5 Nd7 20. Rc2 Nb6
21. b4 Qe6 22. Rdc1 Nd5 23. Rc5 Rd6 24. b5 Ne7 25. bxc6 bxc6 26. Qc2 Rc8 27.
Qa4 Qd7 28. Qa6 f4 29. d5 fxe3 30. fxe3 Qf5 31. dxc6 Qg5 32. Rxg5 1-0

[Event "Guernsey Open"]
[Site "GCI"]
[Date "2005.10.18"]
[Round "3"]
[White "Goris Schouwstra, Adry"]
[Black "Dennis, Nigel W"]
[Result "1/2-1/2"]
[WhiteElo "1916"]
[BlackElo "2050"]
[PlyCount "100"]
[EventDate "2005.10.16"]

1. d4 Nf6 2. Nf3 g6 3. c4 Bg7 4. Nc3 O-O 5. e4 d6 6. Be2 e5 7. O-O exd4 8. Nxd4
Nc6 9. Nxc6 bxc6 10. h3 Re8 11. Bf3 Bb7 12. Bg5 h6 13. Bh4 g5 14. Bg3 Nd7 15.
Qc2 Qf6 16. Rad1 Ne5 17. Be2 Ng6 18. Qd2 Nf4 19. Bxf4 gxf4 20. Bf3 Qg5 21. Ne2
Be5 22. Kh1 Qh4 23. Ng1 Kh7 24. Qe2 Rg8 25. Bg4 Bc8 26. Bf5+ Bxf5 27. exf5 f6
28. Qf3 Rg7 29. Ne2 Rag8 30. Rg1 Qg5 31. Nd4 Bxd4 32. Rxd4 Qxf5 33. Rxf4 Qe5
34. Rxf6 Qxb2 35. Qf5+ Rg6 36. Rxg6 Rxg6 37. Re1 Qf6 38. Qxf6 Rxf6 39. Re7+ Kg6
40. Rxc7 d5 41. cxd5 cxd5 42. Rxa7 Rxf2 43. a4 Ra2 44. Rd7 Rxa4 45. Rxd5 h5 46.
Kg1 Ra2 47. h4 Rb2 48. Rg5+ Kh6 49. Kh2 Rb3 50. Rg3 Rb4 1/2-1/2

[Event "Guernsey Open"]
[Site "GCI"]
[Date "2005.10.18"]
[Round "3"]
[White "Carpenter, Paul"]
[Black "Borland, Tom"]
[Result "1/2-1/2"]
[WhiteElo "1816"]
[BlackElo "2042"]
[PlyCount "66"]
[EventDate "2005.10.16"]

1. d4 d5 2. e3 Nf6 3. f4 g6 4. Bd3 Bg7 5. Nf3 Bg4 6. Nbd2 Nbd7 7. h3 Bxf3 8.
Qxf3 O-O 9. g4 e6 10. h4 h5 11. g5 Ne8 12. Nf1 c5 13. c3 Nd6 14. Ng3 Re8 15.
O-O cxd4 16. cxd4 Nf8 17. Bd2 Rc8 18. Rac1 f5 19. Bb4 Qb6 20. Bxd6 Qxd6 21. Qe2
a6 22. Qd2 Qd7 23. Ne2 Rxc1 24. Rxc1 Rc8 25. Rxc8 Qxc8 26. Qc3 Qxc3 27. Nxc3
Nd7 28. Kf2 Bf8 29. a3 Bd6 30. Ke2 Kf7 31. Kd2 Nb6 32. Kc2 Ke7 33. Kb3 Kd7
1/2-1/2

[Event "Guernsey Open"]
[Site "GCI"]
[Date "2005.10.18"]
[Round "3"]
[White "Rowe, Peter"]
[Black "Dawson, Jeffery"]
[Result "0-1"]
[WhiteElo "2071"]
[BlackElo "1982"]
[PlyCount "98"]
[EventDate "2005.10.16"]

1. d4 d5 2. Nf3 Nf6 3. Bf4 c5 4. e3 Nc6 5. c3 Qb6 6. Qb3 c4 7. Qxb6 axb6 8.
Nbd2 b5 9. Be2 Bf5 10. O-O h6 11. Ne5 e6 12. a3 Nxe5 13. Bxe5 Nd7 14. Bg3 Be7
15. f3 Bg5 16. f4 Be7 17. Bf3 Bd3 18. Rfc1 f5 19. Bh5+ Kf8 20. Bd1 b4 21. Nf3
Kf7 22. Bh4 bxa3 23. bxa3 Bxa3 24. Be2 Bb2 25. Rxa8 Rxa8 26. Bxd3 cxd3 27. Rd1
Bxc3 28. Rxd3 Ra1+ 29. Kf2 Rc1 30. Bd8 b5 31. Ke2 b4 32. Ba5 Rc2+ 33. Nd2 Rc1
34. Nf3 Ke7 35. Rd1 Rxd1 36. Kxd1 Kd6 37. Kc2 Kc6 38. Kb3 Kb5 39. Bc7 Nf6 40.
Be5 Ne8 41. h3 Kc6 42. Ka4 g6 43. Nh4 Nd6 44. Nxg6 Nc4 45. g4 Nd2 46. g5 b3 47.
gxh6 b2 48. Ne7+ Kd7 49. h7 b1=Q 0-1

[Event "Guernsey Open"]
[Site "GCI"]
[Date "2005.10.18"]
[Round "3"]
[White "Ruigrok, Jacques"]
[Black "Barnard, Paul E"]
[Result "1/2-1/2"]
[WhiteElo "1785"]
[BlackElo "2066"]
[PlyCount "49"]
[EventDate "2005.10.16"]

1. e4 d5 2. exd5 Nf6 3. d4 Bg4 4. Nf3 Qxd5 5. Be2 e6 6. Nc3 Bb4 7. O-O Bxc3 8.
bxc3 O-O 9. c4 Qd7 10. h3 Bxf3 11. Bxf3 c6 12. Re1 Na6 13. Rb1 b6 14. c3 Rad8
15. Qa4 Nb8 16. Ba3 Rfe8 17. Qc2 Qc7 18. Rbd1 Nbd7 19. Bc1 c5 20. Bg5 Rc8 21.
d5 Ne5 22. Be4 Nxe4 23. Qxe4 Ng6 24. d6 Qd7 25. h4 1/2-1/2

[Event "Guernsey Open"]
[Site "GCI"]
[Date "2005.10.18"]
[Round "3"]
[White "Burton, Ronnie"]
[Black "Cummins, John"]
[Result "1/2-1/2"]
[WhiteElo "2044"]
[BlackElo "1921"]
[PlyCount "60"]
[EventDate "2005.10.16"]

1. d4 Nf6 2. Nf3 g6 3. Nc3 d5 4. Bf4 c6 5. e3 Nbd7 6. Be2 Bg7 7. Ne5 Ne4 8.
Nxe4 dxe4 9. Nxd7 Qa5+ 10. c3 Bxd7 11. O-O h5 12. f3 g5 13. b4 Qb6 14. Bxg5 f6
15. Bh4 Bh6 16. fxe4 Bxe3+ 17. Kh1 O-O-O 18. a4 Rdg8 19. a5 Qc7 20. Qd3 Bf4 21.
h3 Bg3 22. Bxg3 Rxg3 23. Rf3 Rhg8 24. Rxg3 Rxg3 25. Bf3 Bxh3 26. Qd2 Bg4 27.
Rf1 Bxf3 28. Rxf3 Rxf3 29. gxf3 Qg3 30. Qe2 Qf4 1/2-1/2

[Event "Guernsey Open"]
[Site "GCI"]
[Date "2005.10.18"]
[Round "3"]
[White "Edwards, L Alan"]
[Black "Jamieson, Ian"]
[Result "1/2-1/2"]
[WhiteElo "1984"]
[BlackElo "2026"]
[PlyCount "140"]
[EventDate "2005.10.16"]

1. e4 e6 2. d4 a6 3. Nf3 b5 4. Bd3 Bb7 5. O-O Nf6 6. Re1 c5 7. c3 Qb6 8. Qe2
cxd4 9. cxd4 Nc6 10. Be3 Nb4 11. Nbd2 Nxd3 12. Qxd3 d5 13. e5 Nd7 14. Nb3 Be7
15. Rac1 O-O 16. Nc5 Bc8 17. Ng5 g6 18. Nf3 Qd8 19. Bh6 Re8 20. Qd2 Nb6 21. b3
a5 22. Bg5 b4 23. Qf4 Bxg5 24. Nxg5 Ra7 25. Re3 h6 26. Nh3 Kg7 27. Rf3 Rf8 28.
Qe3 Nd7 29. Nxd7 Bxd7 30. Nf4 a4 31. Nd3 axb3 32. axb3 Qe7 33. Qf4 Rfa8 34.
Qf6+ Qxf6 35. exf6+ Kh7 36. Re3 Ra1 37. Ree1 Rxc1 38. Rxc1 Ra3 39. Nc5 Bb5 40.
Re1 g5 41. h4 Kg6 42. hxg5 hxg5 43. Kh2 Kxf6 44. Kg3 Ra2 45. Kf3 Ra8 46. g3 Rb8
47. Kg4 Kg6 48. Re5 Ra8 49. Rxg5+ Kf6 50. Re5 Ra2 51. Kf3 Rd2 52. Ke3 Re2+ 53.
Kf4 Rxf2+ 54. Ke3 Rc2 55. g4 Rc3+ 56. Kf4 Bf1 57. g5+ Kg6 58. Re1 Bh3 59. Rh1
Bf5 60. Ra1 Bc2 61. Ra4 Bxb3 62. Rxb4 Bc2 63. Nd7 Kg7 64. Ne5 Bg6 65. Ra4 Rc1
66. Rb4 Rf1+ 67. Kg3 Be4 68. Rb7 Rf5 69. g6 Rg5+ 70. Kf4 Rxg6 1/2-1/2

[Event "Guernsey Open"]
[Site "GCI"]
[Date "2005.10.18"]
[Round "3"]
[White "Heath, Jeffrey"]
[Black "Van Hoek, Wim"]
[Result "1-0"]
[WhiteElo "2019"]
[BlackElo "1782"]
[PlyCount "63"]
[EventDate "2005.10.16"]

1. e4 e5 2. Bc4 Nf6 3. d3 Nc6 4. Nc3 Bb4 5. a3 Bxc3+ 6. bxc3 d5 7. exd5 Nxd5 8.
Bb2 O-O 9. Nf3 Nf4 10. O-O Bg4 11. Re1 Qf6 12. Bc1 Nh3+ 13. Kf1 Bxf3 14. Qxf3
Qxf3 15. gxf3 h6 16. Bd5 Rfe8 17. Rb1 Rad8 18. Be4 Rd6 19. Rxb7 Ng5 20. Bxg5
hxg5 21. Rxc7 Ree6 22. Rb1 g6 23. Rbb7 Rf6 24. a4 a5 25. Rb5 Rfe6 26. Rxc6 Rxc6
27. Bxc6 Rxc6 28. c4 f6 29. Rxa5 Rb6 30. Rb5 Ra6 31. a5 Kg7 32. c5 1-0

[Event "Guernsey Open"]
[Site "GCI"]
[Date "2005.10.18"]
[Round "3"]
[White "Hamperl, Fred A"]
[Black "Morcom, Huw"]
[Result "1-0"]
[WhiteElo "2002"]
[BlackElo "1965"]
[PlyCount "53"]
[EventDate "2005.10.16"]

1. e4 c5 2. Nc3 g6 3. f4 Bg7 4. Nf3 a6 5. g3 d6 6. Bg2 Nc6 7. O-O Nf6 8. d3 O-O
9. Ne2 c4 10. e5 dxe5 11. fxe5 cxd3 12. cxd3 Ng4 13. d4 Qb6 14. Kh1 Rd8 15. Qa4
Bd7 16. h3 Nh6 17. Bxh6 Bxh6 18. d5 Nb4 19. Qb3 Qc5 20. Nfd4 Be8 21. d6 e6 22.
Nxe6 fxe6 23. Qxe6+ Kh8 24. Rac1 Qe3 25. Rc7 Qxe2 26. Qe7 Bd7 27. Rf7 1-0

[Event "Guernsey Open"]
[Site "GCI"]
[Date "2005.10.18"]
[Round "3"]
[White "Downey, Keith"]
[Black "Spanton, Timothy"]
[Result "0-1"]
[WhiteElo "1821"]
[BlackElo "2018"]
[PlyCount "56"]
[EventDate "2005.10.16"]

1. Nf3 c5 2. c4 Nc6 3. Nc3 g6 4. g3 Bg7 5. Bg2 d6 6. O-O a6 7. d3 Rb8 8. a4 Bd7
9. Bd2 e6 10. Rb1 Nge7 11. Qc1 Nf5 12. Bg5 Qa5 13. Ne4 h6 14. Nf6+ Kd8 15.
Nxd7+ Kxd7 16. Bd2 Qxa4 17. Bc3 Bxc3 18. Qxc3 Nfd4 19. Nxd4 Nxd4 20. Qd2 Qc2
21. Qxc2 Nxc2 22. Rfd1 Rhc8 23. Rd2 Nb4 24. b3 b5 25. Rbd1 Rb6 26. h4 Ke7 27.
Re1 Rcb8 28. d4 cxd4 0-1

[Event "Guernsey Open"]
[Site "GCI"]
[Date "2005.10.18"]
[Round "3"]
[White "Ippel, Cok"]
[Black "Taylor, Robert P"]
[Result "0-1"]
[WhiteElo "2064"]
[BlackElo "1995"]
[PlyCount "114"]
[EventDate "2005.10.16"]

1. Nc3 d5 2. e4 d4 3. Nce2 c5 4. Ng3 e5 5. Nf3 Bd6 6. Bc4 Nf6 7. d3 Be6 8. Bxe6
fxe6 9. Bg5 O-O 10. O-O Nbd7 11. c3 Qb6 12. Nd2 Be7 13. Nc4 Qc6 14. f4 exf4 15.
Bxf4 b5 16. Ne5 Nxe5 17. Bxe5 dxc3 18. Bxc3 b4 19. Be5 Nd7 20. Bf4 Bf6 21. Qe2
Rf7 22. Be3 Raf8 23. Rac1 Qd6 24. Rcd1 Bd4 25. Rxf7 Rxf7 26. Nf1 Ne5 27. h3 Rd7
28. Nh2 c4 29. Kh1 Nxd3 30. Rf1 Bxe3 31. Qxe3 Ne5 32. Ng4 Nxg4 33. hxg4 a5 34.
Qf3 Qe7 35. e5 Qd8 36. Qf4 Rc7 37. g5 c3 38. bxc3 bxc3 39. Qa4 Rf7 40. Rxf7
Kxf7 41. Qf4+ Kg8 42. Qc4 Qd1+ 43. Kh2 c2 44. Qxe6+ Kf8 45. Qf5+ Ke8 46. Qe6+
Kd8 47. Qg8+ Kc7 48. Qc4+ Kb6 49. Qe6+ Kc5 50. Qe7+ Kc4 51. Qc7+ Kd3 52. Qd6+
Ke2 53. Qf8 Qd5 54. Qf4 Kd1 55. Qf1+ Kd2 56. Qf4+ Kc3 57. Qe3+ Kb2 0-1

[Event "Guernsey Open"]
[Site "GCI"]
[Date "2005.10.19"]
[Round "4"]
[White "Lock, Gavin R"]
[Black "Korneev, Oleg"]
[Result "0-1"]
[WhiteElo "2178"]
[BlackElo "2601"]
[PlyCount "114"]
[EventDate "2005.10.16"]

1. Nf3 d5 2. d4 Nf6 3. c4 e6 4. Nc3 c6 5. Bg5 h6 6. Bxf6 Qxf6 7. e3 Nd7 8. Bd3
dxc4 9. Bxc4 g6 10. O-O Bg7 11. e4 e5 12. d5 Nb6 13. Bb3 Bg4 14. a4 a5 15. h3
Bxf3 16. Qxf3 Qxf3 17. gxf3 Bf8 18. Rac1 Rc8 19. dxc6 bxc6 20. Rfd1 Bc5 21. Ne2
Bb4 22. Ng3 Ke7 23. Nf1 Nd7 24. Bc4 Nc5 25. b3 Rhd8 26. Ne3 Bd2 27. Rb1 h5 28.
Kf1 Rd4 29. Ke2 Rcd8 30. Nc2 R4d7 31. Ne3 Kf6 32. Nf1 Bb4 33. Rxd7 Rxd7 34. Rd1
Rxd1 35. Kxd1 Nb7 36. Ne3 Nd6 37. Ke2 Bc5 38. Nc2 Kg5 39. Kf1 Kf4 40. Ke2 f5
41. exf5 gxf5 42. Ne1 e4 43. fxe4 fxe4 44. Ng2+ Ke5 45. Bg8 Nf5 46. Ne3 Nd4+
47. Kf1 Bb4 48. Bf7 h4 49. Ng2 Nf3 50. Bg8 Bd2 51. Ne3 Bxe3 52. fxe3 Ng5 53.
Kg2 Kd6 54. Bc4 Kc5 55. Bg8 Kb4 56. Bc4 Kc3 57. Bg8 c5 0-1

[Event "Guernsey Open"]
[Site "GCI"]
[Date "2005.10.19"]
[Round "4"]
[White "Roberts, Paul"]
[Black "Van Randen, Fred"]
[Result "1/2-1/2"]
[WhiteElo "2201"]
[BlackElo "1869"]
[PlyCount "69"]
[EventDate "2005.10.16"]

1. e4 e5 2. Nf3 Nc6 3. Bb5 a6 4. Ba4 d6 5. Bxc6+ bxc6 6. d4 Bg4 7. dxe5 dxe5 8.
Qe2 Bd6 9. h3 Bd7 10. Nbd2 Ne7 11. Nc4 Ng6 12. Be3 O-O 13. Rd1 Qe7 14. O-O Be6
15. Na5 Qe8 16. c4 c5 17. Ng5 Bc8 18. Nb3 h6 19. Nf3 Qe7 20. Ne1 Be6 21. f3 a5
22. Nc2 f5 23. exf5 Bxf5 24. Na3 a4 25. Nd2 Qh4 26. Qf2 Qxf2+ 27. Rxf2 Nf4 28.
Nf1 Bd7 29. Ng3 Ne6 30. Ne4 Nd4 31. f4 Bc6 32. fxe5 Rxf2 33. Bxf2 Bxe5 34. Nxc5
Ne2+ 35. Kf1 1/2-1/2

[Event "Guernsey Open"]
[Site "GCI"]
[Date "2005.10.19"]
[Round "4"]
[White "Heppell, Ian N"]
[Black "Hensbergen, Willem"]
[Result "0-1"]
[WhiteElo "2165"]
[BlackElo "2106"]
[PlyCount "112"]
[EventDate "2005.10.16"]

1. e4 Nf6 2. e5 Nd5 3. c4 Nb6 4. c5 Nd5 5. Bc4 c6 6. Nc3 d6 7. cxd6 exd6 8. Nf3
Be6 9. Qb3 Nd7 10. Nxd5 Nc5 11. Qe3 cxd5 12. Bb5+ Nd7 13. O-O Be7 14. exd6 Bxd6
15. Ng5 Qe7 16. Re1 d4 17. Qxe6 fxe6 18. Rxe6 a6 19. Bc4 Rc8 20. d3 b5 21. Bd5
Nc5 22. Rxe7+ Kxe7 23. Nf7 Rhe8 24. Bg5+ Kd7 25. b4 Nxd3 26. Bb7 Rb8 27. Bf3
Bxb4 28. Bg4+ Kc7 29. Bf5 Rf8 30. Bxd3 Rxf7 31. Bxh7 Bc3 32. Rc1 Rb6 33. h4 b4
34. g4 a5 35. Bc2 Rd6 36. Rd1 Kb6 37. Kg2 Rfd7 38. Bf5 Rf7 39. Bc2 Kb5 40. Bd3+
Kc5 41. Bc2 Ra7 42. h5 a4 43. Bf4 Rf6 44. Bg3 Rb6 45. g5 b3 46. axb3 axb3 47.
Bb1 b2 48. Be5 Rba6 49. g6 Ra1 50. h6 gxh6 51. g7 Ra8 52. f4 Kd5 53. Kf3 Ke6
54. Rh1 Kf7 55. Be4 Rxh1 56. Bd5+ Ke7 0-1

[Event "Guernsey Open"]
[Site "GCI"]
[Date "2005.10.19"]
[Round "4"]
[White "Von Saldern, Rudiger"]
[Black "Havenaar, Jan"]
[Result "0-1"]
[WhiteElo "2091"]
[BlackElo "2195"]
[PlyCount "52"]
[EventDate "2005.10.16"]

1. d4 g6 2. e4 Bg7 3. Nf3 d6 4. c3 Nf6 5. Bd3 Nbd7 6. Bg5 h6 7. Bxf6 Nxf6 8.
O-O c6 9. Nbd2 Nh5 10. Re1 O-O 11. Qb3 Qc7 12. g3 Bg4 13. e5 Be6 14. Qc2 d5 15.
Nh4 g5 16. Nf5 Qd7 17. Nf1 f6 18. Nxg7 Nxg7 19. Bh7+ Kh8 20. Qg6 Bf5 21. e6
Bxg6 22. exd7 Bxh7 23. Rxe7 Nf5 24. Rae1 Nxe7 25. Rxe7 Rad8 26. Ne3 Bg8 0-1

[Event "Guernsey Open"]
[Site "GCI"]
[Date "2005.10.19"]
[Round "4"]
[White "Morton, Peter S"]
[Black "Taylor, Mark V"]
[Result "0-1"]
[WhiteElo "2061"]
[BlackElo "2135"]
[PlyCount "58"]
[EventDate "2005.10.16"]

1. e4 e6 2. Nf3 c5 3. Nc3 Nc6 4. g3 d5 5. d3 Nf6 6. Nd2 Be7 7. Bg2 O-O 8. O-O
d4 9. Ne2 e5 10. h3 Ne8 11. Nf3 Be6 12. Nh2 Nd6 13. f4 f6 14. f5 {(=)} Bf7 15.
g4 c4 16. Ng3 cxd3 17. cxd3 Rc8 18. Bd2 Qb6 19. b3 Nb5 20. Nh5 Bb4 21. Nf3 Bc3
22. Nh4 Bxd2 23. Qxd2 Qa5 24. Qe2 Nb4 25. Qf3 Rc3 26. Rad1 Qxa2 27. Qg3 Bxh5
28. gxh5 h6 29. Ng6 Re8 0-1

[Event "Guernsey Open"]
[Site "GCI"]
[Date "2005.10.19"]
[Round "4"]
[White "Twitchell, David T"]
[Black "Collier, David O"]
[Result "1/2-1/2"]
[WhiteElo "1824"]
[BlackElo "2122"]
[PlyCount "44"]
[EventDate "2005.10.16"]

1. e4 e6 2. d4 d5 3. exd5 exd5 4. Bd3 Nc6 5. c3 Bd6 6. Nf3 Bg4 7. O-O Qd7 8. a4
Nge7 9. Nbd2 O-O 10. Qc2 Bf5 11. Re1 Bxd3 12. Qxd3 Ng6 13. Nf1 Rfe8 14. Bd2 a6
15. b4 f6 16. Ng3 Nce7 17. a5 Bxg3 18. hxg3 Nf5 19. Bf4 Nge7 20. g4 Nd6 21.
Bxd6 Qxd6 22. g5 Ng6 1/2-1/2

[Event "Guernsey Open"]
[Site "GCI"]
[Date "2005.10.19"]
[Round "4"]
[White "Dennis, Nigel W"]
[Black "Westerkamp, Bert"]
[Result "1-0"]
[WhiteElo "2050"]
[BlackElo "2085"]
[PlyCount "91"]
[EventDate "2005.10.16"]

1. e4 e5 2. Nf3 Nc6 3. Bb5 a6 4. Ba4 d6 5. O-O Bd7 6. c3 Nge7 7. h3 Ng6 8. d4
Be7 9. d5 Nb8 10. Bxd7+ Nxd7 11. c4 c6 12. Nc3 O-O 13. Be3 c5 14. Qd2 h6 15. b3
f5 16. exf5 Rxf5 17. Ne1 Nf4 18. Ne4 Rf7 19. Kh2 Nf6 20. f3 Qd7 21. Nd3 g5 22.
Ndf2 Nxe4 23. Nxe4 Raf8 24. Bxf4 gxf4 25. a3 Bh4 26. b4 b6 27. bxc5 bxc5 28.
Qa5 Ra8 29. Qb6 Be7 30. Rab1 Bf8 31. Rf2 Kg7 32. Rfb2 Kg8 33. Qa5 Be7 34. Rb7
Qf5 35. Qb6 Qg6 36. Rb2 Kh7 37. Rb8 Rxb8 38. Qxb8 a5 39. Qb6 Rf8 40. Qxa5 Qg8
41. Qc7 Rf7 42. a4 Bf8 43. Qc6 Qg7 44. a5 Ra7 45. a6 Rc7 46. Rb7 1-0

[Event "Guernsey Open"]
[Site "GCI"]
[Date "2005.10.19"]
[Round "4"]
[White "Thurlow, Kevin J"]
[Black "Hamperl, Fred A"]
[Result "1-0"]
[WhiteElo "2124"]
[BlackElo "2002"]
[PlyCount "77"]
[EventDate "2005.10.16"]

1. Nf3 c5 2. b3 Nf6 3. Bb2 Nc6 4. e3 d5 5. d4 cxd4 6. exd4 Bf5 7. Bd3 Bxd3 8.
Qxd3 e6 9. a3 Bd6 10. Nbd2 Qc7 11. O-O O-O 12. Rfe1 Rfe8 13. Ne5 Re7 14. Ndf3
Ne4 15. c4 Nxe5 16. dxe5 Bc5 17. Nd4 Rd8 18. cxd5 exd5 19. b4 Bb6 20. Re2 Rxe5
21. Nb5 Nxf2 22. Rxf2 Bxf2+ 23. Kxf2 Qb6+ 24. Bd4 Qf6+ 25. Kg1 Qf5 26. Qg3 f6
27. Bxe5 fxe5 28. Rf1 Qd7 29. Nc3 Qe6 30. Qf3 e4 31. Qf5 Qd6 32. Qf7+ Kh8 33.
Nxd5 h6 34. Ne3 Qd2 35. Nf5 Qg5 36. Qe6 Rd3 37. Qxe4 Rxa3 38. Nd6 Kg8 39. Rf8+
1-0

[Event "Guernsey Open"]
[Site "GCI"]
[Date "2005.10.19"]
[Round "4"]
[White "Horton Kitchlew, Andrew"]
[Black "Vorstermans, Peter"]
[Result "0-1"]
[WhiteElo "2121"]
[BlackElo "1934"]
[PlyCount "86"]
[EventDate "2005.10.16"]

1. d4 f5 2. e3 Nf6 3. h4 e6 4. h5 d6 5. Nf3 Be7 6. Bc4 d5 7. Bb3 Ne4 8. Nbd2
Nd7 9. Nxe4 fxe4 10. Ne5 Bf6 11. Ng4 Be7 12. c4 c6 13. h6 g6 14. f3 Bh4+ 15.
Kd2 dxc4 16. Bxc4 Nb6 17. Bb3 c5 18. Ba4+ Nxa4 19. Qxa4+ Bd7 20. Qc4 cxd4 21.
Qxd4 Rf8 22. Qxe4 Bb5+ 23. Qd4 Qe7 24. Qc3 Qd7+ 25. Qd4 Qc6 26. Ne5 Qc7 27. Qc3
Qd8+ 28. Qd4 Qg5 29. Kc3 Rd8 30. Qc5 Bd7 31. Qd6 Qxe5+ 32. Qxe5 Bf6 33. Qxf6
Rxf6 34. e4 e5 35. b3 Rc6+ 36. Kb2 Rdc8 37. a4 Rc2+ 38. Ka3 Rxg2 39. Bb2 Be6
40. Bxe5 Rcc2 41. Rac1 Ra2+ 42. Kb4 b6 43. Rc7 Raf2 0-1

[Event "Guernsey Open"]
[Site "GCI"]
[Date "2005.10.19"]
[Round "4"]
[White "Borland, Tom"]
[Black "Hickman, John"]
[Result "0-1"]
[WhiteElo "2042"]
[BlackElo "2115"]
[PlyCount "62"]
[EventDate "2005.10.16"]

1. d4 d6 2. e4 Nf6 3. Nc3 g6 4. Nf3 Bg7 5. Be2 O-O 6. O-O Bg4 7. Be3 Nc6 8. d5
Nb8 9. Nd2 Bxe2 10. Qxe2 c5 11. Rad1 Na6 12. f4 Nd7 13. Nf3 Qa5 14. e5 dxe5 15.
fxe5 Nxe5 16. Nxe5 Bxe5 17. Bh6 Qc7 18. d6 exd6 19. Nd5 Qd8 20. Qxe5 dxe5 21.
Nf6+ Kh8 22. Rxd8 Rfxd8 23. Bg5 Rd4 24. Re1 Kg7 25. Rxe5 h6 26. h4 hxg5 27.
hxg5 Rad8 28. Re3 Rd1+ 29. Kf2 R8d5 30. Rh3 Rf5+ 31. Ke3 Rxf6 0-1

[Event "Guernsey Open"]
[Site "GCI"]
[Date "2005.10.19"]
[Round "4"]
[White "Goris, Ton"]
[Black "Carpenter, Paul"]
[Result "0-1"]
[WhiteElo "2108"]
[BlackElo "1816"]
[PlyCount "96"]
[EventDate "2005.10.16"]

1. e4 c6 2. d4 d5 3. e5 Bf5 4. Nc3 e6 5. g4 Bg6 6. Nge2 Bb4 7. h4 h6 8. Nf4 Ne7
9. Bd3 Bxd3 10. Qxd3 Nd7 11. Nh5 g6 12. Nf6+ Nxf6 13. exf6 Nc8 14. Bf4 Bd6 15.
Be5 Bxe5 16. dxe5 Qc7 17. f4 Nb6 18. O-O-O O-O-O 19. Rde1 Nd7 20. Qf3 h5 21.
Reg1 b5 22. a3 a5 23. b4 Nb6 24. Na2 Nc4 {(=)} 25. Rh3 Qa7 26. Rg2 Qd4 27. c3
Qa7 28. gxh5 Rxh5 29. Qf2 Qxf2 30. Rxf2 a4 31. Kc2 Rdh8 32. Rfh2 Rf5 33. Rf2
Nxe5 34. Nc1 Ng4 35. Rg2 Nxf6 36. Nd3 Nd7 37. Rg5 Rh5 38. Kd2 Kc7 39. Ke3 Kd6
40. Rg1 Nb6 41. Ne5 Nc4+ 42. Nxc4+ dxc4 43. Rd1+ Rd5 44. Rd4 c5 45. bxc5+ Kxc5
46. Ke4 Kc6 47. Rh1 Rxd4+ 48. cxd4 Kb6 0-1

[Event "Guernsey Open"]
[Site "GCI"]
[Date "2005.10.19"]
[Round "4"]
[White "De Kruif, Kees"]
[Black "Goris Schouwstra, Adry"]
[Result "1-0"]
[WhiteElo "2054"]
[BlackElo "1916"]
[PlyCount "67"]
[EventDate "2005.10.16"]

1. b4 d5 2. Bb2 e6 3. e3 Nf6 4. b5 c5 5. c4 dxc4 6. Bxc4 b6 7. Nf3 Bb7 8. O-O
Be7 9. d4 cxd4 10. Bxd4 Nbd7 11. Nbd2 O-O 12. Qb3 Nc5 13. Qb2 Bd5 14. Rfd1 Ne8
15. Bxd5 Qxd5 16. Nb3 Ne4 17. Qe2 Qh5 18. Qc4 Nc5 19. Bxc5 bxc5 20. Rd7 Bd6 21.
Rd1 Bc7 22. Qxc5 Qxc5 23. Nxc5 Bb6 24. Nb3 Nf6 25. Rb7 Nd5 26. a4 Nc3 27. Ra1
Bd8 28. Nfd4 Bf6 29. Kf1 a6 30. b6 Rfb8 31. Rxb8+ Rxb8 32. a5 g6 33. Nc6 Re8
34. b7 1-0